[Event "SVM_Regionalliga_2024-25"]
[Site "?"]
[Date "2025.02.23"]
[Round "8.6"]
[Board "3"]
[White "Weiler,Wolfgang"]
[Black "Borriss,Benjamin"]
[WhiteTeam "SF Lohmar 1"]
[BlackTeam "SG Siebengebirge 1"]
[WhiteElo "1902"]
[BlackElo "1814"]
[WhiteDWZ "1820"]
[BlackDWZ "1958"]
[Result "1/2-1/2"]
[PlyCount "244"]
[EventDate "2025.02.23"]
[SourceDate "2025.02.23"]
 
1. g3 d5 2. Bg2 Nf6 3. Nf3 c6 4. d3 Bf5 5. Nbd2 Nbd7 6. O-O e5 7. e4 dxe4 8. dxe4 Be6 9. b3 Bc5 10. Bb2 Qc7 11. Qe2 b5 12. h3 h6 13. a4 Rb8 14. axb5 cxb5 15. Ne1 O-O 16. Nd3 Rfd8 17. Nxc5 Qxc5 18. c4 bxc4 19. Ba3 Qd4 20. Nxc4 Bxc4 21. bxc4 Rdc8 22. Rac1 Rb3 23. Rfd1 Qb6 24. Be7 Qe6 25. Qa2 Rb7 26. Bd6 Rc6 27. Ba3 Rbc7 28. Rd5 Nb6 29. c5 Nbd7 30. Qd2 Kh7 31. Rd6 Rxd6 32. Qxd6 Qxd6 33. cxd6 Rxc1+ 34. Bxc1 Ne8 35. Ba3 g5 36. Bf1 Kg8 37. Bb5 Nef6 38. f4 gxf4 39. gxf4 exf4 40. Bb2 Nxe4 41. Bxd7 Nxd6 42. Be5 Ne4 43. Bxf4 Kg7 44. Kg2 Kg6 45. h4 Kh5 46. Kf3 Nf6 47. Bf5 Kxh4 48. Bxh6 Kh5 49. Bd2 Nd5 50. Bd3 Ne7 51. Kf4 Kh6 52. Ke5+ Kg7 53. Bc3 Ng8 54. Kf5+ Kf8 55. Ba6 Ne7+ 56. Ke5 Ng8 57. Bd4 Kg7 58. Kf5+ Kf8 59. Bc5+ Kg7 60. Bxa7 Ne7+ 61. Kg5 Ng8 62. Bd3 Kf8 63. Bd4 Ke8 64. Bc5 Kd7 65. Bb5+ Kd8 66. Kf5 Kc7 67. Be8 Kd8 68. Bb5 Kc7 69. Kg5 Kd8 70. Ba4 Ne7 71. Kf6 Nd5+ 72. Kxf7 Kc7 73. Be8 Nc3 74. Ke6 Ne4 75. Be3 Kd8 76. Bd7 Kc7 77. Bf4+ Kb6 78. Be8 Kc5 79. Ke5 Nc3 80. Be3+ Kc4 81. Bc6 Kd3 82. Bb6 Kc4 83. Ba7 Kd3 84. Bd7 Kc4 85. Bh3 Kb5 86. Kd4 Ne2+ 87. Ke3 Nc3 88. Bf1+ Kc6 89. Bg2+ Kd6 90. Kd3 Nd5 91. Kd4 Ne7 92. Bc5+ Ke6 93. Bh3+ Kf6 94. Ke4 Ng6 95. Bd4+ Kg5 96. Bd7 Ne7 97. Bb6 Kf6 98. Bd8 Kf7 99. Ke5 Ng6+ 100. Kd6 Kg7 101. Bg5 Nf8 102. Be8 Nh7 103. Bh4 Nf6 104. Ba4 Kf7 105. Bb3+ Kg6 106. Bc2+ Kf7 107. Bf5 Ng8 108. Bg5 Nf6 109. Ke5 Ng8 110. Kd6 Nf6 111. Ke5 Ng8 112. Be6+ Kg7 113. Bf5 Kf7 114. Bg4 Kg6 115. Bh4 Nh6 116. Bf3 Nf7+ 117. Kf4 Nh6 118. Be4+ Kf7 119. Kg5 Ng8 120. Bf2 Nf6 121. Bc2 Nd7 122. Kf5 Ke7 {(=)} 1/2-1/2

[Event "SVM_Regionalliga_2024-25"]
[Site "?"]
[Date "2025.02.23"]
[Round "8.6"]
[Board "4"]
[White "Wambach,Patrick"]
[Black "Weber,Olaf"]
[WhiteTeam "SG Siebengebirge 1"]
[BlackTeam "SF Lohmar 1"]
[WhiteElo "1977"]
[BlackElo "2027"]
[WhiteDWZ "1994"]
[BlackDWZ "1860"]
[Result "1-0"]
[PlyCount "57"]
[EventDate "2025.02.23"]
[SourceDate "2025.02.23"]
 
1. Nf3 f5 2. c4 Nf6 3. g3 g6 4. Bg2 Bg7 5. d3 O-O 6. O-O d6 7. Nc3 e5 8. c5 Nc6 9. cxd6 cxd6 10. Ng5 Qe7 11. Bd2 h6 12. Nf3 Be6 13. e4 f4 14. Nh4 Kh7 15. Nd5 Bxd5 16. exd5 Nd4 17. gxf4 Nd7 18. Qg4 Qf7 19. Be4 Nf5 20. Nf3 Nf6 21. Qh3 Nh5 22. fxe5 dxe5 23. Rac1 Nd4 24. Nxd4 exd4 25. Qxh5 Rae8 26. Qh4 Re5 27. d6 Qe6 28. Rc7 Rh5 29. Qxh5 1-0

[Event "SVM_Regionalliga_2024-25"]
[Site "?"]
[Date "2025.02.23"]
[Round "8.6"]
[Board "8"]
[White "Borriss,Emma"]
[Black "Fischer,Birk Liam"]
[WhiteTeam "SG Siebengebirge 1"]
[BlackTeam "SF Lohmar 1"]
[WhiteElo "1578"]
[BlackElo "1711"]
[WhiteDWZ "1558"]
[BlackDWZ "1669"]
[Result "1-0"]
[PlyCount "47"]
[EventDate "2025.02.23"]
[SourceDate "2025.02.23"]
 
1. e4 c5 2. c3 Nf6 3. e5 Nd5 4. d4 cxd4 5. cxd4 Nc6 6. Bc4 Nb6 7. Bb3 d6 8. exd6 Qxd6 9. Nf3 g6 10. Nc3 Bg7 11. Be3 Nb4 12. a3 N4d5 13. Ne4 Qd8 14. O-O O-O 15. h3 Bd7 16. Qd2 Bc6 17. Bh6 e6 18. Rfe1 Nf6 19. Nxf6+ Qxf6 20. Bg5 Qf5 21. Ne5 Bxg2 22. Kxg2 f6 23. Nf3 fxg5 24. Bxe6+ 1-0

[Event "SVM-Regionalliga 2024-25"]
[Site "?"]
[Date "2025.03.16"]
[Round "9.2"]
[Board "1"]
[White "Borriss,Martin"]
[Black "Schwarz,Andreas"]
[WhiteTeam "SG Siebengebirge 1"]
[BlackTeam "SK Troisdorf"]
[WhiteElo "2427"]
[BlackElo "2125"]
[WhiteDWZ "2403"]
[BlackDWZ "2124"]
[Result "1-0"]
[PlyCount "117"]
[EventDate "2025.03.16"]
[SourceDate "2025.03.16"]
 
1. e4 c6 2. d4 d5 3. e5 Bf5 4. Nf3 e6 5. Be2 c5 6. Be3 Qb6 7. Nc3 Nc6 8. O-O Qxb2 9. Qe1 cxd4 10. Bxd4 Bb4 11. Rb1 Qa3 12. Rb3 Qa5 13. a3 Bxc3 14. Bxc3 Qc7 15. Nd4 Nxd4 16. Bxd4 Ne7 17. Bb5+ Kf8 18. Rc3 Qd8 19. Qe3 Kg8 20. Rb1 b6 21. Ba6 Bg6 22. f3 h5 23. Qf4 Nf5 24. Bf2 h4 25. Rb4 h3 26. g3 Ne7 27. a4 d4 28. Rxd4 Nd5 29. Qd2 Qe7 30. Rb3 Kh7 31. Bf1 Rhd8 32. Bxh3 Nc7 33. Bf1 Rxd4 34. Bxd4 Qd7 35. Rb4 Rd8 36. c3 Nd5 37. Rc4 a6 38. Bf2 b5 39. Rh4+ Kg8 40. c4 bxc4 41. Rxc4 Rb8 42. a5 Rb3 43. Be2 Qb7 44. Bd4 Rb1+ 45. Kg2 Rb3 46. h4 Qd7 47. g4 f5 48. h5 Be8 49. gxf5 Bxh5 50. Qg5 Rb7 51. fxe6 Qxe6 52. Rc5 Bf7 53. Qd8+ Kh7 54. Bd3+ g6 55. Qh4+ Kg8 56. Bc4 Rd7 57. Rc8+ Be8 58. Qe4 Kf7 59. Rc5 1-0

[Event "SVM-Regionalliga 2024-25"]
[Site "?"]
[Date "2025.03.16"]
[Round "9.2"]
[Board "2"]
[White "Fuß,Jean-Pierre"]
[Black "Richter,Dirk"]
[WhiteTeam "SK Troisdorf"]
[BlackTeam "SG Siebengebirge 1"]
[WhiteElo "1952"]
[BlackElo "2112"]
[WhiteDWZ "2076"]
[BlackDWZ "2020"]
[Result "1-0"]
[PlyCount "99"]
[EventDate "2025.03.16"]
[SourceDate "2025.03.16"]
 
1. e4 c5 2. Nf3 d6 3. d4 cxd4 4. Nxd4 Nf6 5. Nc3 a6 6. Be3 e6 7. f3 h5 8. Qd2 Be7 9. O-O-O b5 10. Qf2 b4 11. Nce2 Qa5 12. Kb1 Bd7 13. Nb3 Qa4 14. Bb6 O-O 15. Na5 Nc6 16. b3 Qb5 17. Ng3 Qg5 18. h4 Qh6 19. Nxc6 Bxc6 20. Bd3 a5 21. Be3 Qh8 22. Ne2 a4 23. Bd4 axb3 24. cxb3 Nd7 25. Bc2 Ra5 26. Nc1 Ne5 27. Nd3 Nxd3 28. Bxd3 Rfa8 29. Rd2 e5 30. Bb6 Ra3 31. Rc1 Be8 32. Be3 g6 33. Bc4 Qg7 34. Bd5 Rb8 35. Rdc2 Bb5 36. Rc8+ Rxc8 37. Rxc8+ Kh7 38. Bc1 Ra6 39. Rc7 f6 40. Qd2 g5 41. hxg5 fxg5 42. Qxb4 Bd3+ 43. Kb2 Kg6 44. Qb7 Kf6 45. Qc8 Kg6 46. Qe6+ Qf6 47. Qg8+ Kh6 48. Bd2 Bf1 49. Bf7 Bd8 50. Bxg5+ 1-0

[Event "SVM-Regionalliga 2024-25"]
[Site "?"]
[Date "2025.03.16"]
[Round "9.2"]
[Board "3"]
[White "Borriss,Benjamin"]
[Black "Keßler,Ulrich"]
[WhiteTeam "SG Siebengebirge 1"]
[BlackTeam "SK Troisdorf"]
[WhiteElo "1814"]
[BlackElo "1920"]
[WhiteDWZ "1958"]
[BlackDWZ "1930"]
[Result "1-0"]
[PlyCount "35"]
[EventDate "2025.03.16"]
[SourceDate "2025.03.16"]
 
1. d4 Nf6 2. c4 g6 3. Nc3 d5 4. cxd5 Nxd5 5. e4 Nxc3 6. bxc3 Bg7 7. Be3 c5 8. Qd2 Qa5 9. Rb1 cxd4 10. cxd4 Qxd2+ 11. Kxd2 O-O 12. Nf3 b6 13. Rc1 Bb7 14. d5 Rc8 15. Rxc8+ Bxc8 16. Bb5 Na6 17. Bc6 Rb8 18. Bf4 1-0

[Event "SVM-Regionalliga 2024-25"]
[Site "?"]
[Date "2025.03.16"]
[Round "9.2"]
[Board "4"]
[White "Both,David"]
[Black "Wambach,Patrick"]
[WhiteTeam "SK Troisdorf"]
[BlackTeam "SG Siebengebirge 1"]
[WhiteElo "2055"]
[BlackElo "1977"]
[WhiteDWZ "1975"]
[BlackDWZ "1994"]
[Result "0-1"]
[PlyCount "98"]
[EventDate "2025.03.16"]
[SourceDate "2025.03.16"]
 
1. c4 c5 2. g3 Nf6 3. Bg2 g6 4. Nc3 Bg7 5. Nf3 O-O 6. O-O Nc6 7. d4 cxd4 8. Nxd4 Qb6 9. Nc2 d6 10. b3 Qa5 11. Nd5 Nxd5 12. cxd5 Nd8 13. Nd4 e5 14. Nc2 e4 15. Rb1 f5 16. a4 Nf7 17. Na3 Bd7 18. Nc4 Qa6 19. Bb2 Bxb2 20. Nxb2 b5 21. Qd2 bxa4 22. Nxa4 Rfc8 23. Rfc1 Bxa4 24. Rxc8+ Rxc8 25. Ra1 Qb7 26. bxa4 Rc5 27. Rd1 Qb3 28. g4 fxg4 29. Bxe4 Qxa4 30. Bg2 Qc2 31. Qxc2 Rxc2 32. e3 a5 33. Ra1 Rc5 34. Kf1 Ne5 35. Be4 Nc4 36. Ke2 Nb6 37. Rd1 a4 38. Rb1 Nc4 39. Rb4 a3 40. Ra4 Ra5 41. Rxa5 Nxa5 42. Bb1 Nb3 43. Kd1 Kg7 44. Kc2 Nc5 45. Kc3 Kf6 46. Kb4 Nd3+ 47. Kxa3 Nxf2 48. Kb4 Nd1 49. e4 Ke5 0-1

[Event "SVM-Regionalliga 2024-25"]
[Site "?"]
[Date "2025.03.16"]
[Round "9.2"]
[Board "5"]
[White "Schild,Willi"]
[Black "Sejdini,Valentin"]
[WhiteTeam "SG Siebengebirge 1"]
[BlackTeam "SK Troisdorf"]
[WhiteElo "2022"]
[BlackElo "1912"]
[WhiteDWZ "1767"]
[BlackDWZ "1826"]
[Result "1-0"]
[PlyCount "101"]
[EventDate "2025.03.16"]
[SourceDate "2025.03.16"]
 
1. d4 g6 2. Nf3 d6 3. c4 Bg7 4. Nc3 Nf6 5. h3 O-O 6. Bf4 Nbd7 7. e3 c6 8. Be2 Qa5 9. O-O e5 10. Bh2 Re8 11. Rc1 exd4 12. Nxd4 Ne4 13. Nxe4 Rxe4 14. Bf3 Re8 15. Qc2 Ne5 16. Be2 f5 17. Rfe1 Bd7 18. Qb3 Qb6 19. Qc2 c5 20. Nf3 Bc6 21. b3 Be4 22. Qd2 Rad8 23. Red1 Nf7 24. Bd3 Qc6 25. Qe2 b6 26. Bb1 h6 27. Ne1 Be5 28. f4 Bxb1 29. Rxb1 Bf6 30. Rd5 Re4 31. Rbd1 Rde8 32. Nc2 R4e6 33. g4 Kh7 34. gxf5 gxf5 35. Qh5 Kg7 36. Kf2 Kf8 37. Qxf5 Bd4 38. R5xd4 cxd4 39. Nxd4 Qe4 40. Nxe6+ Rxe6 41. Qxe4 Rxe4 42. Kf3 Re8 43. e4 Ke7 44. Rg1 Kf6 45. Rg2 h5 46. Bg1 Re6 47. Bd4+ Ke7 48. Rg8 Nd8 49. f5 Rh6 50. f6+ Kd7 51. Rg7+ 1-0

[Event "SVM-Regionalliga 2024-25"]
[Site "?"]
[Date "2025.03.16"]
[Round "9.2"]
[Board "8"]
[White "Budzyn,Marcus"]
[Black "Borriss,Emma"]
[WhiteTeam "SK Troisdorf"]
[BlackTeam "SG Siebengebirge 1"]
[WhiteElo "1942"]
[BlackElo "1578"]
[WhiteDWZ "1948"]
[BlackDWZ "1558"]
[Result "1/2-1/2"]
[PlyCount "98"]
[EventDate "2025.03.16"]
[SourceDate "2025.03.16"]
 
1. Nf3 d5 2. c4 e6 3. g3 c5 4. cxd5 exd5 5. d4 Nc6 6. dxc5 Bxc5 7. Bg2 h6 8. O-O Nf6 9. Nc3 O-O 10. a3 a5 11. Qc2 Re8 12. e3 Qe7 13. Rd1 Be6 14. Nb5 Rac8 15. Qd3 Bg4 16. Re1 Bxf3 17. Bxf3 Ne5 18. Qd1 Nxf3+ 19. Qxf3 Qd7 20. Nc3 Rcd8 21. Rd1 Qc6 22. Bd2 Rd7 23. Rac1 Qe6 24. Na4 Ba7 25. Nc5 Bxc5 26. Rxc5 b6 27. Rcc1 Ne4 28. Bc3 Nxc3 29. Rxc3 Red8 30. Rcd3 Kf8 31. Rd4 g5 32. Kg2 Kg7 33. h4 f5 34. hxg5 hxg5 35. Rh1 g4 36. Qf4 Qf6 37. Rh5 Rf7 38. Rd1 d4 39. exd4 Rh8 40. Rg5+ Kf8 41. Qb8+ Ke7 42. Qc7+ Kf8 43. Qc8+ Ke7 44. Qc7+ Kf8 45. Qf4 Qh6 46. Qb8+ Ke7 47. Qe5+ Kf8 48. Qb8+ Ke7 49. Qe5+ Kf8 1/2-1/2

[Event "SVM-Regionalliga 2024-25"]
[Site "?"]
[Date "2025.03.16"]
[Round "9.3"]
[Board "1"]
[White "Herzwurm,Robert"]
[Black "Meyer,Emil"]
[WhiteTeam "SK Turm Euskirchen 1"]
[BlackTeam "Klub Kölner SF 3"]
[WhiteElo "2001"]
[BlackElo "2004"]
[WhiteDWZ "2024"]
[BlackDWZ "2047"]
[Result "0-1"]
[PlyCount "68"]
[EventDate "2025.03.16"]
[SourceDate "2025.03.16"]
 
1. e4 c5 2. Nc3 Nc6 3. Bb5 Nd4 4. Bc4 e6 5. Nge2 Ne7 6. O-O Nec6 7. d3 Be7 8.
f4 O-O 9. a3 a6 10. Ba2 b5 11. f5 b4 12. Nxd4 Nxd4 13. Ne2 Bf6 14. Nf4 bxa3 15.
c3 exf5 16. Rb1 axb2 17. Bxb2 Rb8 18. cxd4 Rxb2 19. Rxb2 Bxd4+ 20. Rbf2 fxe4
21. dxe4 Qh4 22. g3 Qe7 23. Bd5 a5 24. Kg2 Ba6 25. Nh5 Bxf1+ 26. Rxf1 Kh8 27.
Nf4 Rb8 28. Qc2 Rb2 29. Qxb2 Bxb2 30. Rb1 Be5 31. Rb5 g6 32. Rxa5 Kg7 33. Rb5
f5 34. Ne6+ dxe6 0-1

[Event "SVM-Regionalliga 2024-25"]
[Site "?"]
[Date "2025.03.16"]
[Round "9.3"]
[Board "2"]
[White "Karimi,Farhad"]
[Black "Vandenbergen,Nicolas"]
[WhiteTeam "Klub Kölner SF 3"]
[BlackTeam "SK Turm Euskirchen 1"]
[WhiteElo "2054"]
[BlackElo "2107"]
[WhiteDWZ "2056"]
[BlackDWZ "2097"]
[Result "0-1"]
[PlyCount "88"]
[EventDate "2025.03.16"]
[SourceDate "2025.03.16"]
 
1. d4 d5 2. Nf3 Nc6 3. e3 Bg4 4. Bb5 Qd6 5. b3 Qb4+ 6. Nc3 Qxc3+ 7. Bd2 Qb2 8.
O-O a6 9. Bxc6+ bxc6 10. Bb4 Bf5 11. Ne1 e6 12. Rb1 Qxa2 13. Ra1 Qb2 14. Rb1
Qxb1 15. Qxb1 Bxb4 16. Qa1 Ne7 17. c3 Bd6 18. Qa4 O-O 19. f3 c5 20. g4 Bg6 21.
h4 h5 22. gxh5 Bxh5 23. e4 cxd4 24. cxd4 Bg3 25. Nd3 dxe4 26. Kg2 exd3 27. Kxg3
Rfd8 28. Kf2 Nf5 29. Rd1 Rxd4 30. Qc6 Rad8 31. Qxc7 d2 32. b4 Nxh4 33. b5 axb5
34. Qe5 Bxf3 35. Rg1 g6 36. Kg3 d1=Q 37. Kh3 Bg2+ 38. Rxg2 Qf3+ 39. Qg3 Qxg2+
40. Qxg2 Nxg2 41. Kxg2 Ra4 42. Kh2 Rd3 43. Kg2 Ra2+ 44. Kh1 Rd1# 0-1

[Event "SVM-Regionalliga 2024-25"]
[Site "?"]
[Date "2025.03.16"]
[Round "9.3"]
[Board "4"]
[White "Theisen,Johannes"]
[Black "Neubauer,Jürgen"]
[WhiteTeam "Klub Kölner SF 3"]
[BlackTeam "SK Turm Euskirchen 1"]
[WhiteElo "1863"]
[BlackElo "1990"]
[WhiteDWZ "1909"]
[BlackDWZ "1983"]
[Result "0-1"]
[PlyCount "56"]
[EventDate "2025.03.16"]
[SourceDate "2025.03.16"]
 
1. e4 c5 2. Nf3 Nc6 3. Bb5 g6 4. O-O Bg7 5. Re1 Qb6 6. Bxc6 dxc6 7. c3 Bg4 8.
e5 Rd8 9. h3 Bxf3 10. Qxf3 Rd5 11. Qg3 Nh6 12. Na3 Nf5 13. Qf4 Qc7 14. g4 Bxe5
15. Rxe5 Rxe5 16. Kh2 g5 17. Qxg5 Rd5+ 18. Kg1 h6 19. Qh5 Nd4 20. Qxd5 cxd5 21.
cxd4 cxd4 22. d3 h5 23. Bd2 hxg4 24. Rc1 Qd7 25. Nb5 gxh3 26. Rc7 Qg4+ 27. Kf1
h2 28. Rxb7 h1=Q# 0-1

[Event "SVM-Regionalliga 2024-25"]
[Site "?"]
[Date "2025.03.16"]
[Round "9.3"]
[Board "6"]
[White "Graf,Peter"]
[Black "Blumenthal,Ralf"]
[WhiteTeam "Klub Kölner SF 3"]
[BlackTeam "SK Turm Euskirchen 1"]
[WhiteElo "1971"]
[BlackElo "1912"]
[WhiteDWZ "1954"]
[BlackDWZ "1832"]
[Result "0-1"]
[PlyCount "106"]
[EventDate "2025.03.16"]
[SourceDate "2025.03.16"]
 
1. e4 c5 2. Nf3 e6 3. d4 cxd4 4. Nxd4 a6 5. c4 Nf6 6. Nc3 d6 7. Bd3 Be7 8. O-O
Nc6 9. Be3 Nxd4 10. Bxd4 e5 11. Be3 O-O 12. h3 Nd7 13. b4 Bg5 14. Nd5 Bxe3 15.
Nxe3 Nb8 16. Qe2 Nc6 17. Nc2 f5 18. exf5 Bxf5 19. Bxf5 Rxf5 20. Qd3 Qf8 21.
Rad1 Rd8 22. b5 axb5 23. cxb5 Ne7 24. Ne3 Rf4 25. g3 Rf3 26. Qc4+ Qf7 27. Qxf7+
Kxf7 {(=)} 28. Nc4 Ke6 29. Rfe1 Nd5 30. Rd2 Rc3 31. Na5 Rd7 32. Nb3 Nb6 33.
Nd4+ Kf6 34. Ne2 Rc5 35. Rb1 Nc4 36. Rd3 e4 37. Rc3 Nd2 38. Rb2 Nf3+ 39. Kg2
Ke5 40. a4 Rdc7 41. Rxc5+ Rxc5 42. a5 Ne1+ 43. Kf1 Nd3 44. Rb1 d5 45. g4 Rc7
46. b6 Rc8 47. Ng3 g6 48. Ne2 Rf8 49. a6 bxa6 50. b7 Rb8 51. Nc3 Nc5 52. Rd1 d4
53. Ne2 d3 0-1

[Event "SVM-Regionalliga 2024-25"]
[Site "?"]
[Date "2025.03.16"]
[Round "9.3"]
[Board "8"]
[White "Pragua,Christoph"]
[Black "Pfening,Richard"]
[WhiteTeam "Klub Kölner SF 3"]
[BlackTeam "SK Turm Euskirchen 1"]
[WhiteElo "2031"]
[BlackElo "1711"]
[WhiteDWZ "1909"]
[BlackDWZ "1540"]
[Result "1-0"]
[PlyCount "110"]
[EventDate "2025.03.16"]
[SourceDate "2025.03.16"]
 
1. e4 e5 2. Nf3 Nc6 3. Bc4 Be7 4. c3 Nf6 5. d3 d5 6. exd5 Nxd5 7. O-O O-O 8.
Re1 Bg4 9. h3 Bh5 10. Nbd2 Nf4 11. Nf1 Bc5 12. Bxf4 exf4 13. d4 Bd6 14. Qd3 Bg6
15. Qd2 Qf6 16. N1h2 h5 17. h4 Rfe8 18. Bb5 a6 19. Bxc6 bxc6 20. Ng5 Rad8 21.
Nhf3 c5 22. Rxe8+ Rxe8 23. Re1 Rxe1+ 24. Qxe1 Qe7 25. Qxe7 Bxe7 26. Nh3 cxd4
27. cxd4 Bd6 28. Ne5 Bb1 29. a3 f6 30. Nc4 f3 31. Nxd6 cxd6 32. gxf3 Kf7 33.
Nf4 g6 34. Kg2 a5 35. b4 a4 36. Kg3 Ba2 37. Ne2 Ke6 38. Kf4 Kd7 39. Nc3 Bb3 40.
Kg3 Ke6 41. f4 d5 42. Kf3 Kf5 43. b5 Ke6 44. f5+ gxf5 45. Kf4 Bc2 46. f3 Kd6
47. b6 Kc6 48. Nxd5 Kb7 49. Nxf6 Kxb6 50. Nxh5 Kb5 51. Ng3 Kc4 52. h5 Kb3 53.
h6 Kxa3 54. h7 Kb3 55. h8=Q a3 1-0

[Event "SVM-Regionalliga 2024-25"]
[Site "?"]
[Date "2025.03.16"]
[Round "9.4"]
[Board "1"]
[White "Marcziter,Alex"]
[Black "Krings,Thomas"]
[WhiteTeam "SG Porz 4"]
[BlackTeam "SV Horrem 1"]
[WhiteElo "2106"]
[BlackElo "1766"]
[WhiteDWZ "2070"]
[BlackDWZ "2045"]
[Result "0-1"]
[PlyCount "112"]
[EventDate "2025.03.16"]
[SourceDate "2025.03.16"]
 
1. e4 e5 2. Nf3 Nc6 3. Bc4 Nf6 4. d3 Be7 5. c3 O-O 6. O-O d5 7. exd5 Nxd5 8. Re1 Bg4 9. h3 Bh5 10. Bb5 f6 11. Nbd2 a6 12. Bxc6 bxc6 13. Ne4 Rb8 14. Ng3 Bf7 15. d4 exd4 16. Nxd4 Qd7 17. Ngf5 Rfd8 18. Qg4 Bg6 19. Ne6 Bf8 20. Nfd4 Re8 21. Re2 c5 22. Nxf8 Qxg4 23. hxg4 cxd4 24. Rxe8 Rxe8 25. Nxg6 Re1+ 26. Kh2 d3 27. c4 hxg6 28. cxd5 d2 29. Bxd2 Rxa1 30. a3 Rd1 31. Bf4 Rxd5 32. Bxc7 Rd2 33. f3 Rxb2 34. Bd6 g5 35. Bc5 Kf7 36. Kg3 Ke6 37. Bf8 Rb3 38. Kf2 Ke5 39. Be7 Rb2+ 40. Kg3 a5 41. Bf8 Rb7 42. Kf2 Kd5 43. a4 Rb2+ 44. Kg3 g6 45. Be7 Ra2 46. Bxf6 Rxa4 47. Bxg5 Ra2 48. Be7 a4 49. Kf4 Rxg2 50. Kg5 Ke6 51. Bc5 Kf7 52. Kf4 Rc2 53. Bd6 Rc3 54. Ke4 a3 55. Be5 Rc1 56. Kd3 a2 0-1

[Event "SVM-Regionalliga 2024-25"]
[Site "?"]
[Date "2025.03.16"]
[Round "9.4"]
[Board "2"]
[White "Bien,Stefan"]
[Black "Wagenknecht,Uwe"]
[WhiteTeam "SV Horrem 1"]
[BlackTeam "SG Porz 4"]
[WhiteElo "1972"]
[BlackElo "2118"]
[WhiteDWZ "2022"]
[BlackDWZ "2086"]
[Result "1-0"]
[PlyCount "63"]
[EventDate "2025.03.16"]
[SourceDate "2025.03.16"]
 
1. d4 Nf6 2. Nf3 b6 3. Bg5 Bb7 4. Nbd2 d5 5. e3 Nbd7 6. Bb5 a6 7. Bd3 e6 8. Ne5 Be7 9. f4 c5 10. c3 c4 11. Bc2 b5 12. Qf3 O-O 13. O-O h6 14. Bxf6 Bxf6 15. Nxd7 Qxd7 16. e4 dxe4 17. Bxe4 Bxe4 {(=)} 18. Nxe4 Be7 19. a3 f5 20. Nd2 Qd5 21. Qe3 Bd6 22. Rae1 Rfe8 23. Rf3 a5 24. Qe2 Rac8 25. g3 Kf7 26. Re3 g6 27. h4 Kf6 28. Nf3 b4 29. axb4 axb4 30. Ne5 bxc3 31. bxc3 Rc7 32. Nxg6 {Zeit.} 1-0

[Event "SVM-Regionalliga 2024-25"]
[Site "?"]
[Date "2025.03.16"]
[Round "9.4"]
[Board "3"]
[White "Holzwarth,Felix"]
[Black "Hess,Christian"]
[WhiteTeam "SG Porz 4"]
[BlackTeam "SV Horrem 1"]
[WhiteElo "2047"]
[BlackElo "2135"]
[WhiteDWZ "2043"]
[BlackDWZ "1983"]
[Result "0-1"]
[PlyCount "66"]
[EventDate "2025.03.16"]
[SourceDate "2025.03.16"]
 
1. d4 Nf6 2. Nc3 c5 3. dxc5 Qa5 4. a3 Qxc5 5. Be3 Qc7 6. Qd2 d6 7. O-O-O Bd7 8. Nf3 a6 9. g4 Bxg4 10. Na4 Nbd7 11. Bg2 Rc8 12. h3 Bf5 13. Nd4 Bg6 14. Nc3 Nc5 15. Bg5 Nce4 16. Bxe4 Nxe4 17. Nxe4 Bxe4 18. f3 Bg6 19. e4 e5 20. Ne2 f6 21. Bh4 d5 22. Nc3 d4 23. Nd5 Qc6 24. Kb1 Bf7 25. c4 dxc3 26. Nxc3 Bc5 27. Rc1 O-O 28. b4 Bd4 29. Nd5 Qd6 30. Rcg1 Bxd5 31. Qh6 Bxg1 32. Rxg1 Bxe4+ 33. fxe4 Qd3+ 0-1

[Event "SVM-Regionalliga 2024-25"]
[Site "?"]
[Date "2025.03.16"]
[Round "9.4"]
[Board "4"]
[White "Schulz,Wilhelm"]
[Black "Sistig,Max"]
[WhiteTeam "SV Horrem 1"]
[BlackTeam "SG Porz 4"]
[WhiteElo "2046"]
[BlackElo "1963"]
[WhiteDWZ "2002"]
[BlackDWZ "1983"]
[Result "1-0"]
[PlyCount "75"]
[EventDate "2025.03.16"]
[SourceDate "2025.03.16"]
 
1. e4 c5 2. d4 cxd4 3. Qxd4 Nc6 4. Qd3 g6 5. Nc3 Bg7 6. Nf3 Nf6 7. Be2 O-O 8. O-O d6 9. Nd5 Bd7 10. c3 Ne5 11. Nxe5 dxe5 12. Rd1 Nxd5 13. Qxd5 Bc6 14. Qb3 Qa5 15. Qc2 Rac8 16. Be3 f5 17. f3 b5 18. b3 e6 19. c4 Rfe8 20. a3 bxc4 21. Bxc4 Bf8 22. b4 Qc7 23. Qa2 Kf7 24. Rac1 Qb7 25. b5 Bd7 26. a4 Kf6 27. Qf2 f4 28. Bxa7 Ra8 29. Bc5 Rxa4 30. Bxf8 Rxf8 31. Qh4+ Kg7 32. Qg5 Qc7 33. Qe7+ Rf7 34. Qxf7+ Kxf7 35. Bxe6+ Kxe6 36. Rxc7 Bxb5 37. Rb7 Bc6 38. Rxh7 1-0

[Event "SVM-Regionalliga 2024-25"]
[Site "?"]
[Date "2025.03.16"]
[Round "9.4"]
[Board "5"]
[White "Thiemonds,Uli"]
[Black "Allatif,Kinan"]
[WhiteTeam "SG Porz 4"]
[BlackTeam "SV Horrem 1"]
[WhiteElo "2055"]
[BlackElo "1906"]
[WhiteDWZ "2014"]
[BlackDWZ "1918"]
[Result "1/2-1/2"]
[PlyCount "81"]
[EventDate "2025.03.16"]
[SourceDate "2025.03.16"]
 
1. e4 c6 2. Nc3 d6 3. d4 Qc7 4. Nf3 e5 5. h3 Nf6 6. Bd3 Nbd7 7. Be3 Be7 8. O-O O-O 9. Nh2 Re8 10. Rb1 d5 11. exd5 Nxd5 12. Nxd5 cxd5 13. dxe5 Nxe5 14. Bb5 Rd8 15. Rc1 Be6 16. Nf3 Nc4 17. Bd4 Qa5 18. Bxc4 dxc4 19. Qe2 Qh5 20. Rcd1 Rd5 21. Be5 Ra5 22. a3 Qg6 23. Kh2 Bf6 24. Rfe1 h6 25. Bxf6 Qxf6 26. Nd4 Re8 27. c3 Rg5 28. g3 Bd7 29. Qf3 Qb6 30. Rxe8+ Bxe8 31. Re1 Bc6 32. Nxc6 Qxc6 33. Qxc6 bxc6 34. Re4 Rb5 35. Re2 g6 36. Kg2 Kg7 37. h4 Kf6 38. f4 h5 39. Kf3 Kg7 40. Rd2 Rd5 41. Re2 {(=)} 1/2-1/2

[Event "SVM-Regionalliga 2024-25"]
[Site "?"]
[Date "2025.03.16"]
[Round "9.4"]
[Board "6"]
[White "Tonev,Vasil"]
[Black "Seemann,Mathis"]
[WhiteTeam "SV Horrem 1"]
[BlackTeam "SG Porz 4"]
[WhiteElo "1840"]
[BlackElo "1861"]
[WhiteDWZ "1831"]
[BlackDWZ "1898"]
[Result "1-0"]
[PlyCount "63"]
[EventDate "2025.03.16"]
[SourceDate "2025.03.16"]
 
1. d4 d5 2. Nf3 Nf6 3. g3 Bf5 4. Bg2 Nbd7 5. c4 e6 6. Nc3 c6 7. Qb3 Qb6 8. c5 Qa6 9. Bf1 b5 10. a4 Ne4 11. Nh4 b4 12. Nxe4 Bxe4 13. f3 Bg6 14. Nxg6 hxg6 15. Qxb4 Rb8 16. Qc3 Qb7 17. e3 Nf6 18. Bd3 g5 19. e4 dxe4 20. fxe4 g4 21. O-O Nd7 22. Rf2 f6 23. Bc4 e5 24. Be3 exd4 25. Bxd4 Bxc5 26. Bxc5 Nxc5 27. Re2 Nd7 28. e5 Kf8 29. exf6 Nxf6 30. Rae1 c5 31. Qe5 Qd7 32. Qxb8+ 1-0

[Event "SVM-Regionalliga 2024-25"]
[Site "?"]
[Date "2025.03.16"]
[Round "9.4"]
[Board "7"]
[White "Hackbusch,Thomas"]
[Black "Block,Wolfgang"]
[WhiteTeam "SG Porz 4"]
[BlackTeam "SV Horrem 1"]
[WhiteElo "1798"]
[BlackElo "2071"]
[WhiteDWZ "1844"]
[BlackDWZ "1903"]
[Result "1/2-1/2"]
[PlyCount "77"]
[EventDate "2025.03.16"]
[SourceDate "2025.03.16"]
 
1. d4 d5 2. Nf3 Nf6 3. c4 c6 4. Nc3 dxc4 5. a4 Bf5 6. e3 e6 7. Bxc4 Bb4 8. O-O O-O 9. Bd3 Bxd3 10. Qxd3 c5 11. Rd1 Nc6 12. Qe2 Qa5 13. Bd2 cxd4 14. exd4 Rfd8 15. Be1 Nd5 16. Ne4 Nf4 17. Qe3 Nd5 18. Qb3 Bxe1 19. Rxe1 Qb4 20. Qd3 Nf4 21. Qe3 Ng6 22. Red1 Nce7 23. Qc3 Nd5 24. Qxb4 {(=)} Nxb4 25. a5 Rac8 26. g3 Rc2 27. Rd2 Rdc8 28. Ra4 Rxd2 29. Nfxd2 Nd5 30. Rc4 {(=)} Rxc4 31. Nxc4 b6 32. axb6 axb6 33. Kf1 Nge7 34. Ke2 Nc6 35. Kd3 Kf8 36. Nc3 Ncb4+ 37. Kd2 Ke7 38. Nxd5+ Nxd5 39. Ne3 {(=)} 1/2-1/2